Loading...
| Literature - American | 0 | 3 | 0 | 0 | 30 | 72 | 113.67 | 1 | 3 | 5.02 | 21.82 |
| Mythology | 0 | 3 | 0 | 0 | 30 | 108 | 120.33 | 0 | 0 | 1.39 | 13.64 |
| Science - Biology | 0 | 3 | 1 | 0 | 25 | 23 | 78.00 | 1 | 2 | 9.53 | 22.73 |
| Fine Arts - Other | 0 | 2 | 0 | 2 | 20 | 132 | 135.00 | 0 | 1 | 0.00 | 2.73 |
| Religion | 0 | 2 | 0 | 0 | 20 | 75 | 95.00 | 0 | 0 | 5.11 | 10.00 |
| Science - Chemistry | 0 | 2 | 0 | 0 | 20 | 113 | 116.00 | 0 | 2 | 0.52 | 7.27 |
| Literature - European | 0 | 2 | 1 | 0 | 15 | 38 | 89.00 | 0 | 1 | 6.26 | 7.27 |
| History - World | 0 | 1 | 0 | 0 | 10 | 55 | 55.00 | 0 | 0 | 5.44 | 4.55 |
| Pop Culture | 0 | 1 | 0 | 0 | 10 | 59 | 59.00 | 0 | 0 | 28.93 | 25.00 |
| History - American | 0 | 1 | 0 | 0 | 10 | 103 | 103.00 | 0 | 0 | 1.22 | 3.64 |
| Literature - British | 0 | 1 | 0 | 1 | 10 | 126 | 126.00 | 0 | 0 | 0.67 | 0.91 |